[Event "IsBank TCh-TUR"]
[Site "Konya TUR"]
[Date "2010.07.08"]
[Round "13"]
[White "Koc,O"]
[Black "Erbis,B"]
[Result "1-0"]
[WhiteElo "1851"]
[BlackElo "1950"]
[EventDate "2010.06.29"]

1. e4 d6 2. d4 Nf6 3. Nc3 g6 4. Bg5 Bg7 5. e5 Nfd7 6. f4 f6 7. exf6 Nxf6 8.
Bc4 c6 9. a4 Qa5 10. Qd2 b5 11. Bxf6 Bxf6 12. Bb3 Na6 13. Nf3 d5 14. O-O b4
15. Ne2 O-O 16. Ne5 Qc7 17. h3 e6 18. c4 bxc3 19. bxc3 Bxe5 20. fxe5 Bd7
21. Qh6 Qd8 22. Bc2 Qe7 23. Nf4 Qg7 24. Qg5 c5 25. h4 cxd4 26. cxd4 Nb4 27.
Bxg6 hxg6 28. Nxg6 Nc6 29. h5 Kh7 30. Rxf8 Rxf8 31. Nxf8+ Qxf8 32. Qg6+ Kh8
33. Rf1 Qg7 34. Rf7 1-0

[Event "IsBank TCh-TUR"]
[Site "Konya TUR"]
[Date "2010.07.08"]
[Round "13"]
[White "Melia,S"]
[Black "Majdan,J"]
[Result "1/2-1/2"]
[WhiteElo "2466"]
[BlackElo "2348"]
[EventDate "2010.06.29"]

1. e4 c5 2. Nf3 d6 3. d4 cxd4 4. Qxd4 Nc6 5. Bb5 Bd7 6. Bxc6 Bxc6 7. Nc3 e5
8. Qd3 h6 9. O-O Nf6 10. Nd2 Be7 11. Nc4 Qc7 12. Ne3 g6 13. a4 Rc8 14. b3
Nh5 15. g3 Nf6 16. Ra2 h5 17. Ncd5 Bxd5 18. Nxd5 Nxd5 19. Qxd5 Qc6 20. Rd1
h4 21. Qxc6+ Rxc6 22. c4 f5 23. Re2 g5 24. Rd3 hxg3 25. hxg3 a6 26. Ba3 b5
27. cxb5 axb5 28. axb5 Rb6 29. exf5 Rf8 30. f4 Rxf5 1/2-1/2

[Event "IsBank TCh-TUR"]
[Site "Konya TUR"]
[Date "2010.07.08"]
[Round "13"]
[White "Aslan,C"]
[Black "Gundogan,C"]
[Result "1-0"]
[WhiteElo "1572"]
[BlackElo "1816"]
[EventDate "2010.06.29"]

1. e4 e5 2. Nf3 Nc6 3. Bc4 Bc5 4. c3 Nf6 5. d4 exd4 6. cxd4 Bb4+ 7. Nc3
Nxe4 8. O-O Bxc3 9. d5 Bf6 10. Re1 O-O 11. Rxe4 Na5 12. Bd3 d6 13. g4 h6
14. h4 b6 15. g5 hxg5 16. hxg5 Be7 17. Kg2 f6 18. g6 Qe8 19. Rh4 f5 20.
Rh8+ 1-0

[Event "IsBank TCh-TUR"]
[Site "Konya TUR"]
[Date "2010.07.08"]
[Round "13"]
[White "Zdebskaja,N"]
[Black "Tsatsalashvili,K"]
[Result "1-0"]
[WhiteElo "2383"]
[BlackElo "2257"]
[EventDate "2010.06.29"]

1. e4 c5 2. Nf3 d6 3. d4 cxd4 4. Nxd4 Nf6 5. Nc3 Nc6 6. h3 h6 7. g4 Nxd4 8.
Qxd4 e5 9. Qd3 Be7 10. Be3 a6 11. O-O-O Be6 12. Kb1 b5 13. Nd5 Nxd5 14.
exd5 Bd7 15. f4 exf4 16. Bxf4 O-O 17. Qg3 Rc8 18. Bd3 Be8 19. h4 a5 20. g5
h5 21. Rhe1 f5 22. Rxe7 Qxe7 23. Bxd6 f4 24. Bxe7 fxg3 25. Bxf8 Kxf8 26. b3
b4 27. Rg1 Bf7 28. Rxg3 Bxd5 29. g6 Be6 30. Rg5 Ra8 31. Rxh5 Ke7 32. Rb5
Bc8 33. Kc1 Ra7 34. Kd2 Bd7 35. Rb8 Be8 36. Ke3 Rc7 37. Kd4 Bc6 38. Kc5
Be4+ 39. Kb6 Rc6+ 40. Kxa5 Bxd3 41. cxd3 Rxg6 42. Rxb4 Ke6 1-0

[Event "IsBank TCh-TUR"]
[Site "Konya TUR"]
[Date "2010.07.08"]
[Round "13"]
[White "Kerigan,D"]
[Black "Uzun,S"]
[Result "1/2-1/2"]
[WhiteElo "2126"]
[BlackElo "1966"]
[EventDate "2010.06.29"]

1. e4 c5 2. Nf3 d6 3. d3 Nf6 4. g3 g6 5. Bg2 Nc6 6. O-O Bg7 7. Re1 O-O 8.
c3 e5 9. a3 d5 10. exd5 Nxd5 11. Nbd2 h6 12. Nc4 Re8 13. a4 Nc7 14. Be3 Ne6
15. Qb3 Qc7 16. Qb5 Bd7 17. Qb3 Kh7 18. Rad1 Rab8 19. h4 f5 20. Kh2 Rbd8
21. Qc2 Bc8 22. Bh3 Rf8 23. h5 f4 24. hxg6+ Kh8 25. Bxe6 Bxe6 26. gxf4 Bg4
27. Nfxe5 Bxd1 28. Qxd1 Nxe5 29. fxe5 Bxe5+ 30. Nxe5 Qxe5+ 31. f4 Qf5 32.
Rg1 Kg7 33. Qf3 Rxd3 34. Bd4+ cxd4 35. Qxb7+ Kf6 36. Qa6+ Ke7 37. Qb7+ Kd6
38. Qa6+ Kd5 39. Qb7+ Kd6 40. Qa6+ Ke7 41. Qb7+ Kd8 42. Qb8+ Ke7 43. Qb7+
Kd6 1/2-1/2

[Event "IsBank TCh-TUR"]
[Site "Konya TUR"]
[Date "2010.07.08"]
[Round "13"]
[White "Gelashvili,T"]
[Black "Selbes,T"]
[Result "1-0"]
[WhiteElo "2614"]
[BlackElo "2263"]
[EventDate "2010.06.29"]

1. Nf3 Nf6 2. e3 c5 3. c4 g6 4. a3 Bg7 5. b4 d6 6. Bb2 O-O 7. Be2 b6 8. O-O
Bb7 9. Qb3 Nbd7 10. d3 a6 11. Nc3 e6 12. Rfd1 Qc7 13. h3 Rfd8 14. Rd2 Rac8
15. d4 Qb8 16. Rad1 Bf8 17. Nh2 cxd4 18. exd4 Qa8 19. d5 exd5 20. Nxd5 Bxd5
21. cxd5 b5 22. a4 Qb7 23. axb5 axb5 24. Ra1 Ra8 25. Rxa8 Rxa8 26. Nf3 Bg7
27. Rd1 Re8 28. Bf1 Rc8 29. g3 h6 30. Bg2 Nb6 31. Nd4 Nc4 32. Bc3 Re8 33.
Nc6 Nh5 34. Bxg7 Nxg7 35. Qc3 Qb6 36. Ra1 Nf5 37. g4 Ng7 38. Qf6 Ne5 39.
Qxd6 Nd3 40. Ne7+ 1-0

[Event "IsBank TCh-TUR"]
[Site "Konya TUR"]
[Date "2010.07.08"]
[Round "13"]
[White "Bayram,Y"]
[Black "Kayabolen,A"]
[Result "1-0"]
[WhiteElo "2288"]
[BlackElo "1920"]
[EventDate "2010.06.29"]

1. d4 d5 2. c4 e6 3. Nc3 Nf6 4. cxd5 exd5 5. Bg5 Be7 6. e3 O-O 7. Bd3 Nbd7
8. Qc2 c6 9. Nge2 Re8 10. h3 Nf8 11. g4 g6 12. Bh6 b6 13. O-O-O a6 14. Rdg1
c5 15. Bf5 Kh8 16. h4 Ng8 17. Bxf8 Bxf8 18. Bxc8 Rxc8 19. g5 h5 20. gxh6
cxd4 21. Nxd4 Bxh6 22. h5 Rxe3 23. fxe3 Bxe3+ 24. Kb1 Bxg1 25. hxg6+ Kg7
26. Rh7+ Kf8 27. Rxf7+ Ke8 28. Qa4+ b5 29. Ndxb5 1-0

[Event "IsBank TCh-TUR"]
[Site "Konya TUR"]
[Date "2010.07.08"]
[Round "13"]
[White "Ergonen,A"]
[Black "Arduman,C"]
[Result "1/2-1/2"]
[WhiteElo "1995"]
[BlackElo "2335"]
[EventDate "2010.06.29"]

1. e4 g6 2. d4 Bg7 3. Bc4 d6 4. Nf3 c6 5. a4 d5 6. exd5 cxd5 7. Bb5+ Bd7 8.
Qe2 Nc6 9. c3 Nh6 10. Ne5 Nf5 11. Nxd7 Qxd7 12. O-O O-O 13. Nd2 a6 14. Bxc6
bxc6 15. Nf3 Qc7 16. Re1 Rfe8 17. g3 c5 18. Bf4 Qa7 19. dxc5 Qxc5 20. Be5
Bxe5 21. Qxe5 e6 22. Rad1 Rac8 23. Qf6 Qe7 24. Qxe7 Nxe7 25. Ne5 Rc7 26.
Rd4 Rb8 27. Re2 Nf5 28. Rd1 Nd6 29. Rc2 Nc4 30. Nxc4 Rxc4 31. Ra1 d4 32.
Ra3 e5 33. Rd2 dxc3 34. bxc3 Rc5 35. Kf1 Rbc8 36. Rd6 Ra5 37. Rb6 h5 38. h4
Kg7 39. Ke2 Rd8 40. Rb4 Rad5 41. Ra2 Rc5 42. Ra3 Rd6 43. a5 Rdd5 44. Rb6
Rxa5 45. Rxa6 Rab5 46. Ra2 Rbc5 47. R6a3 Rc4 48. Rb3 Re4+ 49. Kf3 1/2-1/2

[Event "IsBank TCh-TUR"]
[Site "Konya TUR"]
[Date "2010.07.08"]
[Round "13"]
[White "Ali Marandi,C"]
[Black "Buyukasik,D"]
[Result "1/2-1/2"]
[WhiteElo "2105"]
[BlackElo "2034"]
[EventDate "2010.06.29"]

1. e4 c5 2. c3 d5 3. exd5 Qxd5 4. d4 Nc6 5. Nf3 Bg4 6. Be2 Nf6 7. c4 Qd7 8.
d5 Bxf3 9. Bxf3 Nd4 10. O-O Qf5 11. Be2 Nxe2+ 12. Qxe2 Qe4 13. Qxe4 Nxe4
14. Re1 Nd6 15. b3 O-O-O 16. Bb2 Rg8 17. Nd2 b6 18. a3 g6 19. Nf3 Re8 20.
Re2 Bg7 21. Bxg7 Rxg7 22. Ne5 e6 23. Nc6 Kb7 24. Rae1 Rgg8 25. Ne5 exd5 26.
cxd5 Kc7 27. f3 Rgf8 28. Nc6 Rxe2 29. Rxe2 Re8 30. Rxe8 Nxe8 31. Nxa7 Nf6
32. Nb5+ Kd7 33. d6 Ne8 34. Kf2 Nxd6 35. Nxd6 Kxd6 36. Ke3 Kc6 37. Ke4 Kd6
38. a4 f6 39. g3 Kc6 40. h4 h6 41. g4 Kd6 1/2-1/2

[Event "IsBank TCh-TUR"]
[Site "Konya TUR"]
[Date "2010.07.08"]
[Round "13"]
[White "Bolat,A"]
[Black "Sirin,A"]
[Result "1/2-1/2"]
[WhiteElo "2016"]
[BlackElo "2250"]
[EventDate "2010.06.29"]

1. e4 c5 2. Nf3 d6 3. d4 cxd4 4. Nxd4 Nf6 5. Nc3 g6 6. Be3 Bg7 7. Be2 Nc6
8. Nb3 O-O 9. f4 Be6 10. g4 Na5 11. g5 Ne8 12. Bd4 Bc4 13. Bxg7 Nxg7 14.
Nxa5 Bxe2 15. Qxe2 Qxa5 16. Qd2 e6 17. O-O-O b5 18. Kb1 b4 19. Ne2 Rfd8 20.
h4 Nh5 21. Rh3 Rac8 22. Rd3 Rc6 23. a3 Rb6 24. Rb3 Rdb8 25. axb4 Rxb4 26.
Qxd6 Rxb3 27. cxb3 Rxb3 28. Nd4 Rb7 29. Rc1 Kg7 30. Rc8 Qe1+ 31. Ka2 Qa5+
32. Kb1 Qe1+ 33. Ka2 Qa5+ 1/2-1/2

[Event "IsBank TCh-TUR"]
[Site "Konya TUR"]
[Date "2010.07.08"]
[Round "13"]
[White "Sanal,V"]
[Black "Yurtseven,M"]
[Result "1-0"]
[WhiteElo "2106"]
[BlackElo "1964"]
[EventDate "2010.06.29"]

1. e4 c5 2. Nf3 d6 3. d4 cxd4 4. Nxd4 Nf6 5. Nc3 a6 6. Bg5 e6 7. f4 Qc7 8.
Bxf6 gxf6 9. f5 Qc5 10. Qd3 Nc6 11. Nb3 Qe5 12. O-O-O Bd7 13. Kb1 O-O-O 14.
fxe6 fxe6 15. a4 Kb8 16. Qe3 Be7 17. Qb6 Ka8 18. Bxa6 bxa6 19. Nd5 exd5 20.
Rxd5 Qxe4 21. Qxa6+ Na7 22. Rhd1 Be6 23. Ra5 Qb7 24. Qxb7+ Kxb7 25. Re1 Bc8
26. Rxe7+ Rd7 27. Re4 Nc6 28. Rb5+ Ka8 29. Rb6 Na7 30. Rd4 Re8 31. Na5 d5
32. Rdb4 Bb7 33. Nxb7 Rb8 34. Nc5 Rxb6 35. Rxb6 Rf7 36. Rd6 Rf8 37. Rxd5
Nc6 38. c3 Rb8 39. Kc2 h6 40. Nd7 Rg8 41. g3 Kb7 42. Nxf6 Rc8 43. Kd3 Rf8
44. Ne4 Rf1 45. b4 Ra1 46. Kc4 Kc7 47. Nc5 Kc8 48. Rd6 Nd8 49. Rxh6 Ra2 50.
a5 Ra1 51. h4 1-0

[Event "IsBank TCh-TUR"]
[Site "Konya TUR"]
[Date "2010.07.08"]
[Round "13"]
[White "Mirzoev,A"]
[Black "Savchenko,B"]
[Result "1/2-1/2"]
[WhiteElo "2555"]
[BlackElo "2642"]
[EventDate "2010.06.29"]

1. Nf3 d5 2. d4 c6 3. e3 Bg4 4. h3 Bh5 5. c4 e6 6. Nbd2 Nf6 7. Be2 Nbd7 8.
O-O Bd6 9. b3 O-O 10. Bb2 a5 11. a3 Qb8 12. Rc1 Re8 13. Re1 Bg6 14. Nh4 Be4
15. Nhf3 Bf5 16. Nh4 h6 17. Nxf5 exf5 18. cxd5 Nxd5 19. Qc2 g6 20. Bf3 N7f6
21. e4 fxe4 22. Nxe4 Be7 23. Nc5 Qc7 24. Rcd1 Rad8 25. Qc4 Bf8 26. b4 axb4
27. axb4 Qb6 28. Bc1 Nxb4 29. Rxe8 Rxe8 30. Qb3 Qb5 31. Bd2 Nbd5 32. Qxb5
cxb5 33. Nxb7 b4 34. Nc5 Rc8 35. Rc1 Rd8 36. Kf1 1/2-1/2

[Event "IsBank TCh-TUR"]
[Site "Konya TUR"]
[Date "2010.07.08"]
[Round "13"]
[White "Sengul,C"]
[Black "Secer,A"]
[Result "1/2-1/2"]
[WhiteElo "2188"]
[BlackElo "2325"]
[EventDate "2010.06.29"]

1. Nf3 Nf6 2. c4 g6 3. Nc3 Bg7 4. e4 O-O 5. d4 d6 6. h3 e5 7. dxe5 dxe5 8.
Be3 c6 9. Be2 Qxd1+ 10. Rxd1 Re8 11. O-O Nbd7 12. Nd2 Bf8 13. Na4 Bb4 14.
f3 Nh5 15. a3 Bf8 16. Rfe1 Nf4 17. Bf1 Ne6 18. Nb3 c5 19. Nc3 Nd4 20. Bxd4
exd4 21. Nd5 Rd8 22. Nc1 Nb6 23. Nxb6 axb6 24. Nd3 Bh6 25. f4 Be6 26. Rc1
Ra4 27. g3 Rxc4 28. Ne5 Rxc1 29. Rxc1 Bg7 30. Bc4 Bxe5 31. Bxe6 fxe6 32.
fxe5 Ra8 33. Rf1 Rf8 34. Rxf8+ Kxf8 35. b4 Kg7 36. g4 1/2-1/2

[Event "IsBank TCh-TUR"]
[Site "Konya TUR"]
[Date "2010.07.08"]
[Round "13"]
[White "Erturan,Y"]
[Black "Duman,A"]
[Result "1/2-1/2"]
[WhiteElo "2377"]
[BlackElo "2221"]
[EventDate "2010.06.29"]

1. e4 c5 2. Nf3 d6 3. d4 cxd4 4. Nxd4 Nf6 5. f3 Nc6 6. c4 Nxd4 7. Qxd4 g6
8. Be3 Bg7 9. Qd2 O-O 10. Be2 Be6 11. O-O a6 12. Nc3 Rc8 13. Nd5 Nxd5 14.
cxd5 Bd7 15. Rac1 Rxc1 16. Rxc1 Qb8 17. Bg5 Re8 18. Rc2 Kf8 19. Be3 Rc8 20.
b3 Rxc2 21. Qxc2 Qc8 22. Qxc8+ Bxc8 23. Kf2 f5 24. Bb6 Be5 25. h3 f4 26.
Ke1 Kf7 27. Kd2 Bd7 28. a4 Kf6 29. Kd3 e6 30. Bd8+ Kf7 31. Bb6 Ke7 32. Kc4
Bb2 33. Bd3 1/2-1/2

[Event "IsBank TCh-TUR"]
[Site "Konya TUR"]
[Date "2010.07.08"]
[Round "13"]
[White "Kaya,E"]
[Black "Diril,I"]
[Result "1/2-1/2"]
[WhiteElo "2006"]
[BlackElo "1648"]
[EventDate "2010.06.29"]

1. e4 d5 2. exd5 Qxd5 3. Nc3 Qa5 4. g3 Nf6 5. Bg2 c6 6. Nge2 Bf5 7. b4 Qc7
8. O-O e6 9. Rb1 Bd6 10. d3 O-O 11. b5 Bg6 12. bxc6 bxc6 13. Nb5 Qd7 14.
Nxd6 Qxd6 15. Nf4 Nbd7 16. Nxg6 hxg6 17. Bf4 e5 18. Bd2 Rab8 19. Rb3 Rfc8
20. Qe2 c5 21. Rfb1 Rxb3 22. axb3 Qd4 23. Be3 Qc3 24. Qd2 Qb4 25. Ra1 Qb6
26. Qa5 Rc7 27. h3 Qd6 28. Bd2 Nb6 29. Bc3 Nfd5 30. Re1 Re7 31. Qa1 Nxc3
32. Qxc3 Nd5 33. Bxd5 Qxd5 34. Re4 Re6 35. Qc4 Qc6 36. Qa4 Qb7 37. Qa5 Qb6
38. Qxb6 axb6 39. Kf1 f5 40. Ra4 Kf7 41. Ke2 Kf6 42. Kd2 g5 43. g4 e4 44.
dxe4 Rxe4 45. gxf5 Kxf5 46. Ra6 Re6 47. Ra8 Ke4 48. Rf8 Rd6+ 49. Ke2 g6 50.
Re8+ Kf5 51. Re3 g4 52. hxg4+ Kxg4 53. Rg3+ 1/2-1/2

[Event "IsBank TCh-TUR"]
[Site "Konya TUR"]
[Date "2010.07.08"]
[Round "13"]
[White "Ushenina,A"]
[Black "Nikolova,A"]
[Result "1-0"]
[WhiteElo "2468"]
[BlackElo "2318"]
[EventDate "2010.06.29"]

1. d4 Nf6 2. c4 e6 3. Nc3 Bb4 4. e3 O-O 5. Nf3 d5 6. Be2 c5 7. O-O Nc6 8.
cxd5 exd5 9. dxc5 Bxc5 10. b3 a6 11. Bb2 Be6 12. Na4 Bd6 13. Nd4 Nxd4 14.
Qxd4 Qe7 15. Bf3 b5 16. Nc3 Rfd8 17. Ne2 Ba3 18. Rfd1 Bxb2 19. Qxb2 Bg4 20.
Bxg4 Nxg4 21. h3 Qf6 22. Nd4 Ne5 23. Rd2 Rd6 24. Rad1 Rad8 25. Qc2 g6 26.
Qc5 Qe7 27. Ne2 R6d7 28. Qxe7 Rxe7 29. Rxd5 Rxd5 30. Rxd5 Kg7 31. Nd4 h5
32. Rd6 Ra7 33. Kf1 Nd7 34. Ke2 Nc5 35. f3 Kf8 36. Rd8+ Kg7 37. Rc8 Ne6 38.
Rc6 Nxd4+ 39. exd4 Kf8 40. Kd3 Ke8 41. d5 a5 42. Kd4 b4 43. Kc5 a4 44. Rc8+
Kd7 45. Rb8 axb3 46. axb3 Ra2 47. Rb7+ Ke8 48. Rxb4 Rxg2 49. Kd6 Kf8 50.
Kc7 Rd2 51. d6 f5 52. Rb8+ Kf7 53. d7 Rc2+ 54. Kb6 1-0